Haz que se mueva / (Record no. 192406)

MARC details
000 -CABECERA
campo de control de longitud fija 00741nam a2200229 u 4500
005 - FECHA Y HORA DE LA ÚLTIMA TRANSACCIÓN
campo de control 20230106063528.0
008 - ELEMENTOS DE LONGITUD FIJA--INFORMACIÓN GENERAL
campo de control de longitud fija 170907s2007 eu r 000 0 spa d
020 ## - NÚMERO INTERNACIONAL NORMALIZADO PARA LIBROS
Número Internacional Estándar del Libro 9781600448607
035 ## - NÚMERO DE CONTROL DEL SISTEMA
Número de control de sistema UPN01000220307
049 ## - COLECCIÓN
Colección I
050 #4 - SIGNATURA TOPOGRÁFICA DE LA BIBLIOTECA DEL CONGRESO
Número de clasificación P211
Número de documento/Ítem F7.3
100 1# - ASIENTO PRINCIPAL--NOMBRE PERSONAL
Nombre de persona Freeman, Marcia S.
9 (RLIN) 41867
245 10 - MENCIÓN DE TÍTULO
Título Haz que se mueva /
Mención de responsabilidad, etc. Marcia S. Freeman ; tr. Yanitzia Canetti.
260 ## - PUBLICACIÓN, DISTRIBUCIÓN, ETC.
Lugar de publicación, distribución, etc. E.U.A. :
Nombre del editor, distribuidor, etc. Rourke Classroom Resources,
Fecha de publicación, distribución, etc. 2007.
300 ## - DESCRIPCIÓN FÍSICA
Extensión 8 p. :
Otras características físicas principalmente il. col.
440 #0 - MENCIÓN DE SERIE/ASIENTO SECUNDARIO--TÍTULO
Título De la lectura a la escritura
650 #4 - ASIENTO SECUNDARIO DE MATERIA - TERMINO TEMATICO
Término de materia o nombre geográfico como elemento de entrada ESCRITURA -
Subdivisión de forma LITERATURA INFANTIL
9 (RLIN) 11213
650 #2 - ASIENTO SECUNDARIO DE MATERIA - TERMINO TEMATICO
Término de materia o nombre geográfico como elemento de entrada Ciencia
Subdivisión de forma Literatura infantil
9 (RLIN) 11354
650 #4 - ASIENTO SECUNDARIO DE MATERIA - TERMINO TEMATICO
Término de materia o nombre geográfico como elemento de entrada FUERZA Y ENERGIA -
Subdivisión de forma LITERATURA INFANTIL
9 (RLIN) 11052
905 ## - TIPO DE MATERIAL
Tipo de material Infantil
Holdings
Estado de retiro Estado de pérdida Fuente del sistema de clasificación o colocación Estado dañado No para préstamo Código de colección Localización permanente Ubicación/localización actual Ubicación en estantería Fecha de adquisición Clasificación Código de barras Fecha visto por última vez Número de copia Tipo de ítem Koha
    Library of Congress Classification     Infantil Bib. Gregorio Torres Quintero Bib. Gregorio Torres Quintero Sala infantil Planta baja 11/05/2023 P211 F7.3 318822 31/12/2020 1 Libro